Competencia desleal por actos de engaǫ e imitacin̤ Estudio Comparado Espaą, Estados Unidos y Puerto Rico /

Bibliographic Details
Main Author: Echegaray Daleccio, Fernando Juan
Format: eBook
Language:Spanish
Published: Madrid: Dykinson, 2022
Subjects:
Online Access:Acceso restringido

MARC

LEADER 00000nam a22000007a 4500
005 20220713225741.0
007 cr|||| ||||
008 220713s2022 ea |||||s|||| 00||0 spa d
020 |a 978-84-1122-067-5 
035 |a 36455 
040 |a vLex 
090 |c 13558  |d 13558 
100 1 |a Echegaray Daleccio, Fernando Juan 
245 1 0 |a Competencia desleal por actos de engaǫ e imitacin̤  |h [Recurso electrn̤ico] :  |b Estudio Comparado Espaą, Estados Unidos y Puerto Rico /  |c Fernando Juan Echegaray Daleccio 
256 |a Servicio en ln̕ea 
260 |a Madrid:  |b Dykinson,  |c 2022 
300 |a 1 recurso electrn̤ico 
500 |a En esta publicacin̤ se expone: (i) la necesidad imperiosa de que se promulgue una nueva ley (lege ferenda) sobre competencia desleal para Puerto Rico por lo arcaico e inadecuado de la regulacin̤ vigente al momento de realizar esta investigacin̤; (ii) la falta de una ley actualizada —en este m̀bito— que proscriba prc̀ticas ilc̕itas que ocurran por actos de denigracin̤, explotacin̤ de reputacin̤ ajena, prc̀ticas agresivas (por acoso, coaccin̤ o influencia indebida) y otros. Se expone adems̀, que se consideren las nuevas formas o maneras de comercializacin̤ que trae la globalizacin̤, mediante el progreso de la tecnologa̕, como lo es la Internet, la recopilacin̤ de datos en cadena, conocida como Blockchain, o el uso de la criptomoneda como mťodo de pago, dentro de su espacio de regulacin̤; y (iii) la necesidad de equiparar la regulacin̤ de competencia econm̤ica de Puerto Rico con las jurisdicciones estadounidenses, espaǫlas, comunitarias (Unin̤ Europea) y otras, segn︢ se requiera para competir en un mercado globalizado, de manera tal que esa actividad mercantil que se lleva a cabo en el mercado sea transparente y leal para su buen funcionamiento y que sirva de estm̕ulo para la inversin̤ extranjera en la isla. Parte de este texto incluye una doctrina y jurisprudencia comparada de primer orden dentro de este campo del derecho. Se aborda desde el origen de esta figura jurd̕ica en el siglo xvi hasta la aplicacin̤ de los precedentes judiciales actuales en materia del m̀bito objetivo y subjetivo de una ley de estas caracters̕ticas y el requisito de obrar de buena fe objetiva —en la relacin̤ mercantil entre empresarios (B2B) o empresarios y consumidores (B2C)— que debe subyacer en todo ±modelo social de regulacin̤ del mercado» en el cual es la sociedad la beneficiaria y no los empresarios o profesionales. En los l︢timos dos capt̕ulos del libro se les da un matiz especial a los actos de engaǫ e imitacin̤ en las jurisdicciones espaǫla y estadounidense, lo que muy bien sirve como base para un nuevo estatuto sobre competencia desleal para la isla. Adems̀, como referencia para estudiantes, profesores y profesionales en el campo del derecho mercantil (Commercial Law) 
506 1 |a Disponible solo en los productos indicados  |d vLex Global  |d vLex Global (Academic Edition, excluding Law Schools)  |d vLex Global (U.S. Academic Edition, Law Schools)  |d vLex Global (U.S. Academic Edition, excluding Law Schools)  |d vLex Global (Academic Edition, Law Schools) 
650 0 4 |a Derecho Mercantil y de la Empresa  |z Espaą 
740 0 |a vLex Libros (Servicio en ln̕ea) 
856 4 0 |u https://app.vlex.com/#/sources/36455  |z Acceso restringido 
942 |c BOOK 
999 0 |a Commercial and Company Law